| 000 | 00603nam a22001937a 4500 | ||
|---|---|---|---|
| 003 | 0 | ||
| 005 | 20240812104425.0 | ||
| 008 | 240812b xxu||||| |||| 00| 0 eng d | ||
| 020 | _a979-8-89161-002-6 | ||
| 050 |
_aG 165.5 _b.N53 2024 |
||
| 100 | _aNicholson, Tyler | ||
| 245 |
_aCorporate travel management _cTyler Nicholson |
||
| 260 |
_aNew York _bAlexis Press, LLC. _c2024 |
||
| 300 |
_ax, 340 pages : _bcolored illustrations and pictures ; _c26cm. |
||
| 504 | _aIncludes bibliographical references and index. | ||
| 650 | _aBusiness travel. | ||
| 650 | _aCorporate travel. | ||
| 942 |
_2lcc _cBK |
||
| 999 |
_c366087 _d366087 |
||